All Iranian Wars - Statistics

General Stats
  • This quiz has been taken 20 times
  • The average score is 89 of 266
Answer Stats
Years War % Correct
1961-1970 1st Iraqi–Kurdish War
94%
1974-1975 2nd Iraqi–Kurdish War
94%
1980-1988 Iran–Iraq War
94%
2025 Iran-Israel War
94%
2013-2017 War in Iraq
94%
864-1041 Expeditions of Rus
88%
1651-1653 | 1722-1723 | 1804-1813 | 1826-1828 Russo-Persian War
88%
2013-2024 Syrian Civil War
82%
217-145 BC Syrian Wars
82%
2001-2002 War in Afghanistan
82%
1473 Aq Qoyunlu–Ottoman War
76%
1979-1996 Kurdish Rebellion
76%
1967 Kurdish Revolt
76%
1722-1727 Ottoman–Hotaki War
76%
1743-1746 | 1821-1823 Ottoman–Persian War
76%
1775-1776 Ottoman-Persian War
76%
1505-1517 Ottoman–Persian Wars
76%
1532-1555 | 1578-1590 | 1603-1612 | 1612-1618 Ottoman–Safavid War
76%
1730-1735 Ottoman-Safavid War
76%
1407-1502 Turkoman invasions of Georgia
76%
2014-Present Yemeni Civil War
76%
492-490 BC 1st Greco-Persian War
71%
588-589 1st Perso-Turkic War
71%
480-479 BC 2nd Greco-Persian War
71%
627-629 3rd Perso-Turkic War
71%
712-740 Campaigns in India
71%
518-323 BC Conquest of India
71%
1738-1747 Conquest of Persian Gulf and Oman
71%
499-493 BC Greek Revolt
71%
327-325 BC Indian Campaign
71%
1175-1206 Indian Campaigns
71%
1738-1739 Invasion of India
71%
2006 Lebanon War
71%
1001-1027 March to India
71%
752 | 759 Mount Lebanon Revolts
71%
614-616 Perso-Turkic War
71%
1979 Turkmen Rebellion
71%
1924-1926 Turkoman Rebellion
71%
36-20 BC Antony's Parthian War
65%
642-799 Arab–Khazar Wars
65%
1026-1030 Campaigns in West Persia
65%
1318-1320 Golden Horde-Ilkhanate War
65%
1978-1979 Iranian Revolution
65%
363 Julian's Persian Expedition
65%
1259-1260 Mongol-Ayyubid War
65%
1218-1256 Mongol Invasion
65%
1241-1335 Mongol Invasions of Anatolia
65%
1260-1323 Mongol Invasions of the Levant
65%
337-361 Perso-Roman Wars
65%
161-166 | 58-63 Roman–Parthian War
65%
66-216 Roman–Parthian Wars
65%
421-422 Roman–Sasanian War
65%
192-188 BC Roman–Seleucid War
65%
1856-1857 Anglo-Persian War
59%
325 Arab Campaign
59%
359-361 | 378-386 Armenian Campaign
59%
87-85 BC Armenian–Parthian War
59%
571-572 Armenian Revolt
59%
363-371 Armeno-Sassanid War
59%
1405-1407 Georgian Invasion
59%
1225-1228 Georgian-Khwarazmid War
59%
1256 Georgian Rebellion
59%
1541-1659 Georgian-Safavid wars
59%
1048-1213 Georgian–Seljuk Wars
59%
50-53 Iberian–Armenian War
59%
120-100 BC | 226-238 | 35 | +2 others Invasion of Armenia
59%
1516-1522 | 914 Invasion of Georgia
59%
1623-1639 Ottoman–Safavid War
59%
1440-1444 Qara Qoyunlu-Georgia War
59%
1632-1648 Revolts in Georgia
59%
340 BC 2nd Conquest of Egypt
53%
525 BC Conquest of Egypt
53%
553-550 BC Medo-Persian Conflict
53%
650-661 Persian Revolts
53%
1459 Revolt of Azerbaijan
53%
1914-1918 WW1
53%
1941-1945 WW2
53%
1095-1099 1st Crusade
47%
1147-1150 2nd Crusade
47%
104-102 BC Chinese–Parthian War
47%
1371-1374 Conquest of Eastern Iran
47%
1945-1946 Iran Crisis
47%
245-235 BC Seleucus' Iranian Campaign
47%
655-639 BC Assyrian Invasion
41%
C.900-600 BC Assyrian invasion
41%
1622-1623 | 1649-1653 Mughal–Safavid War
41%
440 | 602-628 Byzantine–Sasanian War
35%
502-628 Byzantine–Sassanid Wars
35%
1048-1308 Byzantine–Seljuq Wars
35%
1905-1911 Constitutional Revolution
35%
626-609 BC Invasion of Assyria
35%
150 BC Parthian–Bactrian War
35%
40-38 BC Pompeian–Parthian Invasion
35%
722-702 BC Revolts against Assyria
35%
238-129 BC Seleucid–Parthian Wars
35%
2014-Present War on ISIS
35%
484 BC Babylonian Revolts
29%
311-309 BC Babylonian War
29%
2004-Present Balochistan Conflict
29%
540-539 BC Conquest of Babylonia
29%
2023-Present Gaza War
29%
1948-Present Insurgency in Balochistan
29%
1506-1510 Kurdish-Yazidi Uprising
29%
355-328 BC Macedonian Invasion
29%
873-876 Saffarid-Abbasid War
29%
1363-1374 | 589-591 | 628-632 | +8 others Civil War
24%
1405-1501 Civil Wars
24%
C.2004 BC Conquest of Sumer
24%
C.2600 BC Invasion of Sumer
24%
43-42 BC Liberators' Civil War
24%
673-751 Muslim Conquest
24%
633-654 Muslim Invasion
24%
1502-1598 Persian-Uzbek Wars
24%
1507-1625 Portuguese–Safavid Wars
24%
C.2400 BC Sumerian Invasion
24%
1588-1589 Uzbek–Iranian War
24%
1380-1402 Campaigns of Timur
18%
1017 Conquest of Khwarazm
18%
545-540 BC Cyrus' 1st Eastern Campaign
18%
533 BC Cyrus' 2nd Eastern Campaign
18%
529 BC Cyrus' Final Campaign to the North
18%
119 BC Expedition to Arabia
18%
305-303 BC Seleucid–Mauryan war
18%
1035-1040 Seljuk-Ghaznavid Wars
18%
1230 Seljuk-Khwarazmid War
18%
1765 Zand-Dutch War
18%
229-233 1st Mesopotamian Campaign
12%
237-240 2nd Mesopotamian Campaign
12%
1951-1954 Abadan Crisis
12%
C.2300-2200 BC Akkadian Conquest
12%
570-578 Aksumite–Persian wars
12%
457-459 Albanian's Revolt
12%
208-206 BC Antiochus's Bactrian Campaign
12%
241-242 Campaign on the East
12%
1738-1740 Central Asian Campaign
12%
547 BC Conquest of Lydia
12%
C.2090 BC Elamyte Independence War
12%
513 BC European Scythian Campaign
12%
804 | 827 | 837 Expedition to East Africa
12%
1629-1630 Gharib Shah's Revolt
12%
2004-Present Iran–PJAK Conflict
12%
1979 Khuzestan Insurgency
12%
1921-1930 Luri tribal Insurgency
12%
1417-1418 Qara Qoyunly–Aq Qoyunlu War
12%
1457-1469 Qara Qoyunly-Aq Qoyunlu War
12%
657-679 Sasanids Revolts
12%
1420-1434 Timurid-Qara Qoyunlu War
12%
1454-1459 Timurid–Qara Qoyunlu War
12%
C.2100 BC 1st Shar-Kali-Sharri Campaign
6%
680-692 2nd Fitna
6%
744-750 3rd Fitna
6%
762-763 Alid Revolt
6%
1982 Amol Uprising
6%
502-506 Anastasian War
6%
1470-1474 Aq Qoyunlu–Mamluk War
6%
1974-1975 Arvand Conflict
6%
1755 Bajalan uprising
6%
1262 Berke–Hulagu War
6%
967-968 Buyid-Saffarid War
6%
385 BC Cadusian Campaign
6%
1500-1510 Campaigns of Ismail
6%
1322-1327 Chupanid Rebellion
6%
1356-1360 Conquest of Azerbaiyan
6%
1200-1201 Conquest of Khorasan
6%
1409 Conquest of Mardin
6%
758-761 Conquest of Tabaristan
6%
395-387 BC Corinthian War
6%
1741-1745 Dagestan Campaign
6%
1963-1979 Dhofar Rebellion
6%
1314-1318 Esen Buqa–Ayurbarwada War
6%
907 Expedition against Makran
6%
1558 Expedition to Kandahar
6%
1029-1039 Ghaznavid–Kakuyid War
6%
484-565 Hephthalite–Sasanian Wars
6%
870-900 Hindu Shahi–Saffarid Wars
6%
1716-1722 Hotaki-Safavid War
6%
395 Hunnic Invasion
6%
526-532 Iberian War
6%
1006-1008 Invasion of Khorasan
6%
1206 Invasion of Tibet
6%
1931 Jafar Sultan Revolt
6%
614-617 Jewish Revolt
6%
1915-1921 Jungle Movement
6%
1268-1301 Kaidu–Kublai War
6%
657-661 Kharijite Rebellions
6%
829 Kharijite Revolt
6%
1210-1220 Khwarazmian–Qara Khitai Wars
6%
464-466 Kidarite-Sassanid War
6%
50 Kushan Invasion
6%
541-562 Lazic War
6%
839 Mazyar Uprising
6%
293 Narseh's Insurrection
6%
C.2200 BC Narum-Sin Campaign
6%
1090-1194 Nizari–Seljuk Conflicts
6%
128-115 BC Nomad invasion
6%
238 BC Parni Invasion
6%
216-217 Parthian War of Caracalla
6%
1929-1933 Persian tribal uprisings
6%
1410-1411 Qara Qoyunlu–Jalayirid War
6%
927-928 Qarmatian Invasion
6%
1829-1835 Rawanduz Revolt
6%
1632 Rebellion in Karabakh
6%
1632 Rebellion in Qazvin
6%
823-828 Rebellion in Sistan
6%
806-809 Revolt in Khurasan
6%
1466 Revolt of Baghdad
6%
1478-1480 Revolts against Yaqub
6%
1582-1612 Rind-Lashari War
6%
884-892 Saffarid-Abassid War
6%
242-244 | 261-266 Sasanian Campaign
6%
296-298 Sasanian Campaigns
6%
350-466 Sasanian–Kidarite Wars
6%
274-293 Sasanian Revolts
6%
372-362 BC Satraps Revolt
6%
624-597 Scythian Invasion
6%
1631 Sher Khan Revolt
6%
1926 Simko Shikak Revolt
6%
C.2090 BC Sumerian Invasion
6%
755 Sunpadh Rebellion
6%
734-746 Surayj's Revolt
6%
1911-1916 Swedish Intervention
6%
781-805 Tabaristan Uprising
6%
1890-1891 Tobacco Protest
6%
481-484 Vahan's War
6%
449-451 Vardan's War
6%
590-596 Vistahm Rebellion
6%
572-591 War for the Caucasus
6%
1063 | 1374-1384 | 457-459 War of Succession
6%
604-611 War of the Camel's Udder
6%
350-358 Wars of Shapur II
6%
322-281 BC Wars of the Diadochi
6%
112-109 BC War with the Seleucids.
6%
869-883 Zanj Rebellion
6%
810-835 Zutt Rebellion
6%
No matching quizzes found
Score Distribution
Percent of People with Each Score
Percentile by Number Answered
Your Score History
You have not taken this quiz